000 00611nam a22002052 4500
001 0000007086
005 20151217152022.0
008 071112s xx 000 0 eng d
020 _a185424765 :
_cKES 790
040 _aKABU
_cKABU
100 1 _aCox, Caroline.
_@0000158130
245 1 0 _aThis immoral trade :
_bslavery in the 21st century /
_cCaroline Cox and John Marks.
260 _aOxford :
_bMonarch Books,
_c2006.
300 _a175 p.
650 0 _aSlavery.
_@0000157985
700 1 _aMarks , John.
_@0000158131
908 _a071112
950 _@1
999 _c7385
_d7385